Heat exchanger design handbook /
Guardado en:
| Autor Corporativo: | |
|---|---|
| Otros Autores: | |
| Formato: | Libro |
| Idioma: | English |
| Publicado: |
Washington :
Hemisphere Pub. Corp.,
c1983-
|
| Materias: | |
| Etiquetas: |
Agregar Etiqueta
Sin Etiquetas, Sea el primero en etiquetar este registro!
|
| LEADER | 01753cam a22003375a 4500 | ||
|---|---|---|---|
| 001 | EIQ.libpla001760 | ||
| 008 | 820511m19839999dcua#####bf###001#0#eng#d | ||
| 005 | 20061220171251.0 | ||
| 245 | 0 | 0 | |a Heat exchanger design handbook / |c editorial board, Ernst U. Schlünder, editor-in-chief ; Kenneth J. Bell ... [et al.]. |
| 260 | |a Washington : |b Hemisphere Pub. Corp., |c c1983- | ||
| 300 | |a 5 v. (hojas sueltas) : |b il. ; |c 29 cm. | ||
| 500 | |a "Published under the auspices of the International Centre for Heat and Mass Transfer." | ||
| 504 | |a Incluye referencias bibliográficas e índice. | ||
| 505 | 1 | |a 1. Heat exchanger theory -- 2. Fluid mechanics and heat transfer -- 3. Thermal and hydraulic design of heat exchangers -- 4. Mechanical design of heat exchangers -- 5. Physical properties. | |
| 020 | |a 0891161252 (loose-leaf : set) | ||
| 700 | 1 | |a Schlünder, Ernst U. | |
| 710 | 2 | |a International Center for Heat and Mass Transfer. | |
| 082 | 0 | 0 | |a 621.402/5 |2 19 |
| 650 | 4 | |a Intercambiadores de calor |x Handbooks, manuales, etc. | |
| 650 | 4 | |a Intercambiadores de calor |x Diseño. | |
| 650 | 4 | |a Intercambiadores de calor |x Construcción. | |
| 650 | 4 | |a Heat exchangers |x Construction. | |
| 650 | 4 | |a Heat exchangers |x Handbooks, manuals, etc. | |
| 650 | 4 | |a Heat exchangers |x Design. | |
| 010 | |a 82009267 | ||
| 040 | |a DLC |c DLC |d DLC |d OCoLC |d AR-BbSID | ||
| 859 | |a AR-BbSID |b BIB. PLAPIQUI |h 621.402 5 |i H 352 |k R |p 2351 |v Vol. 1 |3 Vol. 1 | ||
| 859 | |a AR-BbSID |b BIB. PLAPIQUI |h 621.402 5 |i H 352 |k R |p 2352 |v Vol. 2 |3 Vol. 2 | ||
| 859 | |a AR-BbSID |b BIB. PLAPIQUI |h 621.402 5 |i H 352 |k R |p 5908 |v Vol. 3 |3 Vol. 3 | ||
| 859 | |a AR-BbSID |b BIB. PLAPIQUI |h 621.402 5 |i H 352 |k R |p 2354 |v Vol. 4 |3 Vol. 4 | ||
| 859 | |a AR-BbSID |b BIB. PLAPIQUI |h 621.402 5 |i H 352 |k R |p 2355 |v Vol. 5 |3 Vol. 5 | ||
